000 00380nam a2200145Ia 4500
008 150201s1996 xx 000 0 und d
082 _a616.96
_bM1996P
100 _aPARIJA,SUBHASH
245 _aTEXT BOOK OF MEDICAL PARASITOLOGY :PROTOZOOLOGY AND HELMINTHOLOGY
250 _a1ST
260 _bAIPD
_aMADRAS
_c1996
300 _a1-359
650 _aMICROBIOLOGY
942 _2ddc
_cBK
999 _c2690
_d2690